A critique of welfare economics
Gespeichert in:
| 1. Verfasser: | |
|---|---|
| Format: | Buch |
| Sprache: | Englisch |
| Veröffentlicht: |
Londres
Oxford University Press
1957
|
| Ausgabe: | 2a. ed |
| Schlagworte: | |
| Tags: |
Tag hinzufügen
Keine Tags, Fügen Sie den ersten Tag hinzu!
|
MARC
| LEADER | 00000nam a2200000 a 4500 | ||
|---|---|---|---|
| 001 | UCR7878 | ||
| 003 | CL-VaPUC | ||
| 008 | 980519e19570000UK |||||||||||||||||eng|d | ||
| 082 | 0 | 4 | |a 330.1556 |b LIT |2 21 |
| 100 | |a Little, I. M. |e autor |9 409400 | ||
| 245 | 1 | 2 | |a A critique of welfare economics |
| 250 | |a 2a. ed | ||
| 300 | |a 302 p | ||
| 942 | |c BK | ||
| 945 | |d 19980519 00:00:00 |a crobeson | ||
| 260 | |a Londres |b Oxford University Press |c 1957 | ||
| 650 | 0 | |a Economía |9 255568 | |
| 650 | 7 | |a ESCUELAS DE PENSAMIENTO ECONOMICO |2 CL-VaPUC |9 409401 | |
| 650 | 7 | |a ECONOMIA DEL BIENESTAR SOCIAL |2 CL-VaPUC |9 388648 | |
| 583 | |a last modification |c 19980519 00:00:00 |k Rodrigo Vera | ||
| 999 | |c 269457 |d 269455 | ||